Affinity chromatography: A practical approach

Αποθηκεύτηκε σε:
Λεπτομέρειες βιβλιογραφικής εγγραφής
Μορφή: Βιβλίο
Γλώσσα:Undetermined
Έκδοση: Oxford 1985
Θέματα:
Ετικέτες: Προσθήκη ετικέτας
Δεν υπάρχουν, Καταχωρήστε ετικέτα πρώτοι!
Thư viện lưu trữ: Trung tâm Học liệu Trường Đại học Cần Thơ
LEADER 00376nam a2200133Ia 4500
001 CTU_3072
008 210402s9999 xx 000 0 und d
082 |a 543.0892 
082 |b A256 
245 0 |a Affinity chromatography: A practical approach 
260 |a Oxford 
260 |c 1985 
650 |a chromatographic analysis 
980 |a Trung tâm Học liệu Trường Đại học Cần Thơ